Tratado teórico i [sic] practico de Economía Política / (Record no. 47948)

MARC details
000 -LEADER
campo de control de longitud fija 00546nam a22001695i 4500
001 - NÚMERO DE CONTROL
campo de control 47948
003 - IDENTIFICADOR DE NÚMERO DE CONTROL
campo de control ES-MaACL
007 - CAMPO FIJO DE DESCRIPCIÓN FÍSICA--INFORMACIÓN GENERAL
campo de control de longitud fija t|
008 - DATOS DE LONGITUD FIJA--INFORMACIÓN GENERAL
campo de control de longitud fija 950206s1859 fr ||||1| spa d
040 ## - FUENTE DE CATALOGACIÓN
Centro catalogador/agencia de origen CAM
Lengua de catalogación spa
Centro/agencia transcriptor CCPB | PA2
100 1# - ENTRADA PRINCIPAL--NOMBRE DE PERSONA
Nombre de persona Courcelle-Seneuil, Jean Gustave.
9 (RLIN) 41268
245 10 - MENCIÓN DEL TÍTULO
Título Tratado teórico i [sic] practico de Economía Política /
Mención de responsabilidad, etc. por J.G. Courcelle Seneuil ; traducido por J. Bello.
260 ## - PUBLICACIÓN, DISTRIBUCIÓN, ETC.
Lugar de publicación, distribución, etc. Paris, etc. :
Nombre del editor, distribuidor, etc. Guillaumin, etc.,
Fecha de publicación, distribución, etc. 1859.
300 ## - DESCRIPCIÓN FÍSICA
Extensión 2 v. ;
Dimensiones 22 cm.
700 1# - ENTRADA AGREGADA--NOMBRE PERSONAL
Nombre de persona Bello, J.
9 (RLIN) 27235
852 ## - LOCALIZACIÓN
Ubicación ES-MaACL
Número de control de estantería G-12967-8
Holdings
Estatus retirado Estado de pérdida Estado de daño No para préstamo Colección Biblioteca de origen Biblioteca actual Ubicación en estantería Fecha de adquisición Fuente de adquisición Total de préstamos Signatura topográfica completa Código de barras Visto por última vez Precio de reemplazo Tipo de ítem Koha
        Libros del s. XIX Biblioteca del Ateneo de Madrid Biblioteca del Ateneo de Madrid Sala Pecera Planta 3 17/01/2008     G-12967-8 1050460 23/02/2023 23/02/2023 Libro impreso antiguo